| 000 | 00468nam a2200181Ia 4500 | ||
|---|---|---|---|
| 001 | 22885 | ||
| 005 | 20260414150900.0 | ||
| 008 | 260414t2017||||xx |||||||||||||| ||spa|| | ||
| 041 | _aESP | ||
| 082 |
_a624.17 _bB79 |
||
| 100 |
_aBozzo, Luis M. _eAUT |
||
| 245 | 0 |
_aDiseño sismorresistente de edificios : _btécnicas convencionales y avanzadas |
|
| 260 | _c2017 | ||
| 300 |
_a380 páginas : _c21 cm. |
||
| 650 | _a0 | ||
| 654 | _aCIC | ||
| 942 |
_cLIB _dJUS _fJUS _2ddc _n |
||
| 999 |
_c22885 _d22885 |
||